|
|
|
|
| LEADER |
00000nam0a2200000 4500 |
| 001 |
361710 |
| 005 |
20231102011421.0 |
| 035 |
|
|
|a (RuTPU)RU\TPU\retro\19056
|
| 090 |
|
|
|a 361710
|
| 100 |
|
|
|a 20210629d1964 m y0rusy50 ca
|
| 101 |
0 |
|
|a rus
|
| 102 |
|
|
|a RU
|
| 105 |
|
|
|a a j 000zy
|
| 200 |
1 |
|
|a Сборник задач и упражнений по методам математической физики
|e учебное пособие для вузов
|f И. В. Мисюркеев
|
| 210 |
|
|
|a Москва
|c Просвещение
|d 1964
|
| 215 |
|
|
|a 136 с.
|c ил.
|
| 606 |
1 |
|
|a Математическая физика
|2 stltpush
|3 (RuTPU)RU\TPU\subj\41221
|9 61028
|
| 610 |
1 |
|
|a методы
|
| 610 |
1 |
|
|a упражнения
|
| 610 |
1 |
|
|a задачи
|
| 610 |
1 |
|
|a учебные пособия
|
| 610 |
1 |
|
|a скалярные поля
|
| 610 |
1 |
|
|a векторные поля
|
| 610 |
1 |
|
|a гармонические функции
|
| 610 |
1 |
|
|a дифференциальные уравнения
|
| 610 |
1 |
|
|a теория вероятности
|
| 610 |
1 |
|
|a специальные функции
|
| 675 |
|
|
|a 53:51(076)
|v 4
|
| 700 |
|
1 |
|a Мисюркеев
|b И. В.
|g Иван Васильевич
|
| 801 |
|
1 |
|a RU
|b 63413507
|c 20210629
|
| 801 |
|
2 |
|a RU
|b 63413507
|c 20210629
|g RCR
|
| 942 |
|
|
|c BK
|